Szczegóły MARC21

Life in modern Britain /

003 -Nazwa inst., której nr kontr. jest w polu 001 [,]
    • @
    • Nazwa instytucji, której n kontrolny jest w polu 001
    • NUKAT
005 -DATA I CZAS OSTATNIEJ MODYFIKACJI [,]
    • @
    • pole kontrolne
    • 20241231091006.0
020 -Międzynarod. znormalizowany nr książki - ISBN [ , ]
    • a
    • Numer ISBN
    • 0582749190 Find
040 -Instytucja sporządzająca opis [ , ]
    • a
    • Instytucja, która sporządziła opis (NP)
    • KAT U/43IP
    • c
    • Instytucja, która sporządziła rekord (NP)
    • KAT U/43IP
    • d
    • Instytucja, która zmodyfikowała rekord (P)
    • KAT U/43IP
    • d
    • Instytucja, która zmodyfikowała rekord (P)
    • POZN U/JG
942 -Rodzaj dokumentu [ , ]
    • c
    • Rodzaj dokumentu
    • Książka
100 -Hasło główne - nazwa osobowa [1, ]
    • a
    • Nazwa osobowa (NP)
    • Bromhead, Peter
    • d
    • Daty biograficzne (NP)
    • (1919-2005).
    • 9
    • KHW
    • 475446
245 -Strefa tytułu i oznaczenia odpowiedzialności [1,0]
    • a
    • Tytuł
    • Life in modern Britain / Find
    • c
    • Pozostałe elementy strefy tytułu i oznaczenia odpowiedzialności (NP)
    • Peter Bromhead.
250 -Strefa wydania [ , ]
    • a
    • Oznaczenie wydania (NP)
    • 6th ed., 6th impr.
260 -Strefa adresu wydawniczego [ , ]
    • a
    • Miejsce wydania (P)
    • Harlow :
    • b
    • Nazwa wydawcy (P)
    • Longman,
    • c
    • Data wydania (P)
    • 1990.
300 -Strefa opisu fizycznego [ , ]
    • a
    • Określenie formy książki i/lub objętość (NP)
    • [8], 216 s. :
    • b
    • Oznaczenie ilustracji (NP)
    • il.
    • c
    • Format (NP)
    • 24 cm.
336 -Typ zawartości [ , ]
    • a
    • Termin opisujący typ zawartości
    • Tekst
    • b
    • Kod określający zawartość
    • txt
    • 2
    • Źródło (terminu i kodu)
    • rdacontent
337 -Typ mediów [ , ]
    • a
    • Tryb odtwarzania
    • Bez urządzenia pośredniczącego
    • b
    • Kod typu mediów
    • n
    • 2
    • Źródło (terminu i kodu)
    • rdamedia
338 -Typ/rodzaj nośnika [ , ]
    • a
    • Hasło opisujące typ nośnika
    • Wolumin
    • b
    • Kod typu nośnika
    • nc
    • 2
    • Źródło (terminu i kodu)
    • rdacarrier
080 -Uniwersalna Klasyfikacja Dziesiętna [ , ]
    • 2
    • Identyfikator wydania tablic
    • UDC-P058
    • 9
    • UKD
    • 2829
    • a
    • Symbol klasyfikacji
    • 316.728
    • b
    • Dopowiedzenie
    • Styl życia. Socjologia życia codziennego.
    • 4
    • UKD2
    • 8167
    • x
    • Poddział wspólny
    • (410)
    • c
    • Dopowiedzenie poddz. wspólnego
    • (Zjednoczone Królestwo Wielkiej Brytanii i Irlandii Północnej).
    • 4
    • UKD2
    • 7644
    • x
    • Poddział wspólny
    • =111
    • c
    • Dopowiedzenie poddz. wspólnego
    • =Język angielski.
    • 4
    • UKD2
    • 8594
    • x
    • Poddział wspólny
    • (07)
    • c
    • Dopowiedzenie poddz. wspólnego
    • (Wydawnictwa dydaktyczne. Podręczniki).
980 -Symbol UKD [ , ]
    • a
    • UKD
    • 316.728(410)=111(07)
920 -ISBN [ , ]
    • a
    • ISBN
    • 0-582-74919-0 Find
Lokalizacja Status udost. Uwagi nie widoczne w OPAC Data inwentaryzacji Numer inwentarzowy
BM-3retrokonwersja W.176477
BM-3retrokonwersja W.176478
BM-3retrokonwersja W.176479
BM2retrokonwersja W.176480
BM2retrokonwersja W.176481
BM2retrokonwersja W.176482
BM-3retrokonwersja A.1301
BM-3retrokonwersja A.1302
BM-3retrokonwersja A.1303
BM-3retrokonwersja A.1779